Statistics for Mental Disorders: A-Z

Click here to take the quiz!

General Stats

  • This quiz has been taken 375 times
  • The average score is 9 of 19

Answer Stats

ClueAnswer% Correct
BEating disorder characterized by a cycle of binge eating and purgingBulimia nervosa
90%
DCauses a gradual decrease in cognitive ability and memory, usually the outcome of old ageDementia
87%
ADisorder that leads to difficulties with social communicationAutism spectrum disorder
84%
OCharacterized by the need to perform certain actions repeatedlyObsessive-compulsive disorder
81%
IThe opposite of the aboveInsomnia
76%
TNeurological disorder that involves the development of uncontrollable ticsTourette syndrome
76%
SCharacterized by continuous episodes of psychosisSchizophrenia
72%
KThe inexplicable urge to steal itemsKleptomania
71%
GGeneral term for a disorder characterized by uncontrollable, excessive worries about events and peopleGeneralized anxiety disorder
63%
PImpulse control disorder in which individuals feel the need to deliberately start firesPyromania
60%
NNeurological disorder charcterized by the inability to regulate one's sleep cycleNarcolepsy
47%
VSexual interest in watching people engaging in intimate activityVoyeurism
40%
HNeurological disorder that causes excessive fatigue and sleepHypersomnia
30%
MA state of abnormally elevated arousalMania
24%
LBrain condition that leads to difficulties in processing new informationLearning disorder
15%
RThe effortless regurgitation of most meals following consumptionRumination syndrome
9%
EDisorder characterized by one's delusions that another person is infatuated with themErotomania
8%
CDelusion that somebody has been replaced by an identital imposterCapgras delusion
7%
FDelusional belief that different people are all one person who is in disguiseFregoli delusion
4%

Score Distribution

Percentile by Number Answered

Percent of People with Each Score

Your Score History

You have not taken this quiz